| 000 | 00445 a2200169 4500 | ||
|---|---|---|---|
| 001 | 77528 | ||
| 020 | _a9780070660854 | ||
| 082 | _a629.1323 AND | ||
| 090 |
_c39324 _d39324 |
||
| 100 | _aJohn D Anderson | ||
| 245 |
_aFundamentals of Aerodynamics 5th/Ed _cJohn D Anderson _hEnglish |
||
| 250 | _a5 th | ||
| 260 |
_aNew Delhi _bTata McGraw Hill |
||
| 300 | _axxiv 1008 p | ||
| 500 | _aDOS BS Reference Books | ||
| 505 | _aGifted Books | ||
| 942 |
_acaenust _k629.1323 AND _cBS |
||
| 999 |
_c312601 _d312601 |
||